Melbourne Quiz - Statistics

General Stats
  • This quiz has been taken 57 times
    17 since last reset
  • The average score is 14 of 22
Answer Stats
Hint Answer % Correct
Major Annual Tennis Tournament Australian Open
100%
Biggest Sports Stadium MCG
92%
Largest Market Queen Victoria
92%
Name of Airport Tullamarine
92%
Biggest Shopping Centre Chadstone
85%
Oldest Train Station Flinders Street
85%
The River That Runs Through the City Yarra
85%
Year of Olympic Games in Melbourne 1956
77%
Number of Current Melbourne based AFL Teams 9
77%
Tallest Building Eureka
77%
Suburb of Melbourne Postcode 3000
69%
Only NRL Team Melbourne Storm
69%
Biggest Tennis Stadium Rod Laver
69%
Home Stadium of Melbourne City Aami Park
54%
Most Expensive Suburb (House Prices) Toorak
54%
Street Name of where 'Little Italy' is located Lygon
46%
Busiest Seaport Port Melbourne
46%
Biggest Catholic Church St Paul's Cathedral
23%
Iconic Building Commemorating Australian Soldiers The Shrine of Remembrance
23%
Year Founded 1835
15%
Original Name of Melbourne Batmania
15%
Largest Suburb Reservoir
8%
No matching quizzes found
Score Distribution
Percent of People with Each Score
Percentile by Number Answered
Your Score History
You have not taken this quiz since the last reset